000 00733nam a2200229Ia 4500
003 GCL
008 140319s9999 xx 000 0 ara d
020 _a6636010977
040 _aGCL /
_cGCL
082 0 4 _a371.392
_bم س
100 1 _aمونتيسورى، ماريا
245 1 0 _aسر الطفولة /
_cمونتيسورى، ماريا
700 1 _aسلوى جادو
260 _aالقاهرة :
_bمكتبة دار الكلمة ،
_c2003
300 _a308 ص ؛
_c20 سم
650 0 4 _aالطفولة
650 0 4 _aالاطفال - العناية الصحية
650 0 4 _aالاطفال - رعاية
650 0 4 _aالاطفال - تربية
650 0 4 _aالاطفال - اسلوب معيشة
942 _2ddc
_cBK
999 _c7393
_d7393